000 00729nam a2200289Ia 4500
005 20260324133011.0
008 008 260324s9999 xx 000 0 eng d
020 _a9781351147125
037 _aEBOOK
040 _aCRL
040 _beng
040 _cCRL
041 _2eng
041 _aeng
084 _qCRL
100 _aHeiner Hänggi
_91191423
245 4 _aThe 'Double Democratic Deficit'
245 0 _bParliamentary Accountability and the Use of Force Under International Auspices
260 _bTaylor and Francis
260 _c2004
365 _a
365 _b230
856 _uhttp://www.taylorfrancis.com/books/9781351147125
942 _cEBOOK
999 _c1790057
_d1790057